STUDY ON SOLVING THE CONFLICT OUT OF SYSTEM COURT AT ROMENH COMMUNE, KOH ANDET DISTRICT, TAKEO PROVINCE សិក្សាពីការដោះស្រាយវិវាទដីធ្លីក្រៅប្រព័ន្ធតុលាការនៅឃុំរមេញ ស្រុកកោះអណ្តែត ខេត្តតាកែវ (Record no. 23170)

000 -LEADER
fixed length control field 00747nam a22001337a 4500
040 ## - CATALOGING SOURCE
Transcribing agency RUA
082 ## - DEWEY DECIMAL CLASSIFICATION NUMBER
Classification number LMA NEA 2021 B1-498 Or.
100 ## - MAIN ENTRY--AUTHOR NAME
Personal name NEAK CHANTHOEUN នាក់ ចន្ទធឿន
245 ## - TITLE STATEMENT
Title STUDY ON SOLVING THE CONFLICT OUT OF SYSTEM COURT AT ROMENH COMMUNE, KOH ANDET DISTRICT, TAKEO PROVINCE សិក្សាពីការដោះស្រាយវិវាទដីធ្លីក្រៅប្រព័ន្ធតុលាការនៅឃុំរមេញ ស្រុកកោះអណ្តែត ខេត្តតាកែវ
260 ## - PUBLICATION, DISTRIBUTION, ETC. (IMPRINT)
Place of publication PHNOM PENH
Name of publisher RUA
Year of publication 2021
300 ## - PHYSICAL DESCRIPTION
Number of Pages VIII. 37P
Other physical details VI.
Dimensions 29CM
856 ## - ELECTRONIC LOCATION AND ACCESS
Uniform Resource Identifier https://drive.google.com/file/d/1fUoZYRS0abNLS_FuFvdqne4V7xG36hhX/view?usp=sharing
942 ## - ADDED ENTRY ELEMENTS (KOHA)
Koha item type LMA
952 ## - LOCATION AND ITEM INFORMATION (KOHA)
Withdrawn status [LOCAL, KOHA] 0
952 ## - LOCATION AND ITEM INFORMATION (KOHA)
Withdrawn status [LOCAL, KOHA] 0
952 ## - LOCATION AND ITEM INFORMATION (KOHA)
Withdrawn status [LOCAL, KOHA] 0
952 ## - LOCATION AND ITEM INFORMATION (KOHA)
Withdrawn status [LOCAL, KOHA] 0
Holdings
Permanent Location Date acquired Koha item type Lost status Shelving location Barcode Current Location Full call number
Library Block B2024-06-19LMA B1.498a077287Library Block BLMA NEA 2021 B1-498 Or.
Library Block B2024-06-19LMA B1.498a077207Library Block BLMA NEA 2021 B1-498 Or.
Library Block B2024-06-19LMA B1.498a077127Library Block BLMA NEA 2021 B1-498 Or.
Library Block B2024-06-19LMA B1.498a076931Library Block BLMA NEA 2021 B1-498 Or.
មជ្ឈមណ្ឌលឯការនៃសាកលវិទ្យាល័យភូមិន្ទកសិកម្មចំការដូង

Powered by Koha